Sports Quiz

Random Sports or Baseball Quiz

College World Series Quiz Stats

 Plays Quiz Updated Jul 1, 2019

Score 0/73 Timer 06:00
14 Plays Today
Year Winner % Correct
1949Texas
96.8%
1950Texas
96.8%
1975Texas
96.8%
1983Texas
96.8%
2002Texas
96.8%
2005Texas
96.8%
2017Florida
93.7%
1976Arizona
91.5%
1980Arizona
91.5%
1986Arizona
91.5%
2012Arizona
91.2%
2013UCLA
89.4%
1951Oklahoma
88.9%
1994Oklahoma
88.9%
1982Miami (FL)
87.7%
1985Miami (FL)
87.7%
1999Miami (FL)
87.6%
2001Miami (FL)
87.6%
1948USC
87.6%
1958USC
87.6%
1961USC
87.6%
1963USC
87.6%
1968USC
87.6%
1970USC
87.6%
1971USC
87.6%
1972USC
87.6%
1973USC
87.6%
1974USC
87.6%
1978USC
87.6%
1998USC
87.6%
1965Arizona State
87%
1977Arizona State
87%
1981Arizona State
87%
1967Arizona State
86.9%
1969Arizona State
86.9%
2019Vanderbilt
86.7%
1991LSU
85.2%
Year Winner % Correct
1993LSU
85.2%
1996LSU
85.2%
1997LSU
85.2%
2000LSU
85.2%
1990Georgia
85.1%
1987Stanford
83.6%
1988Stanford
83.6%
1947California
81.3%
1957California
81.3%
1959Oklahoma State
79.6%
2018Oregon State
79.3%
2014Vanderbilt
76.3%
2015Virginia
76.2%
1966Ohio State
75.2%
1953Michigan
74.5%
1962Michigan
74.5%
2009LSU
71%
2006Oregon State
70.6%
2007Oregon State
70.6%
1989Wichita State
69.2%
1954Missouri
63.6%
1955Wake Forest
60.4%
1979Cal State Fullerton
58.7%
1995Cal State Fullerton
58.7%
2004Cal State Fullerton
58.7%
1984Cal State Fullerton
58.7%
2003Rice
58.1%
2016Coastal Carolina
57.8%
2008Fresno State
51.1%
2010South Carolina
45.4%
1956Minnesota
39%
1960Minnesota
39%
1964Minnesota
39%
2011South Carolina
30.5%
1992Pepperdine
25.5%
1952Holy Cross
13.7%

You're not logged in!

Compare scores with friends on all Sporcle quizzes.
OR
Log In

Sporcle TV

Today on Sporcle TV


Watch our educational content, quiz creation guides, and fun videos on Sporcle TV.

Show Comments

Extras

Top Quizzes Today


Score Distribution

Your Account Isn't Verified!

In order to create a playlist on Sporcle, you need to verify the email address you used during registration. Go to your Sporcle Settings to finish the process.

Report this User

Report this user for behavior that violates our Community Guidelines.

Details: